000 00452nam a2200157Ia 4500
008 210423s2010 xx 000 0 und d
020 _a9788173710346
041 _aeng
082 _a530 VENG
100 _aVENKATARAMAN (G).
245 _aVignettes in physics: Bose and his statistics.
260 _aNew Delhi
_bUniversities Press
_c2010
300 _aviii,126
_bPB
365 _b195
_cINR
906 _abose ; his ; physics: ; statistics. ; Vignettes
999 _c162384
_d162384